LEADER 01912oam 2200553M 450 001 9910716180503321 005 20200213070906.5 035 $a(CKB)5470000002518307 035 $a(OCoLC)1065597086 035 $a(OCoLC)995470000002518307 035 $a(EXLCZ)995470000002518307 100 $a20071213d1926 ua 0 101 0 $aeng 135 $aurcn||||||||| 181 $ctxt$2rdacontent 182 $cc$2rdamedia 183 $acr$2rdacarrier 200 10$aInformation regarding combinations in the mills and baking industries. February 18, 1926. -- Ordered to be printed 210 1$a[Washington, D.C.] :$c[U.S. Government Printing Office],$d1926. 215 $a1 online resource (15 pages)$ctables 225 1 $aHouse report / 69th Congress, 1st session. House ;$vno. 312 225 1 $a[United States congressional serial set] ;$v[serial no. 8535] 300 $aBatch processed record: Metadata reviewed, not verified. Some fields updated by batch processes. 300 $aFDLP item number not assigned. 606 $aBakers 606 $aBakeries 606 $aCourt records 606 $aEvidence (Law) 606 $aTrusts, Industrial 606 $aAntitrust law 606 $aInterstate commerce 606 $aActions and defenses 608 $aLegislative materials.$2lcgft 615 0$aBakers. 615 0$aBakeries. 615 0$aCourt records. 615 0$aEvidence (Law) 615 0$aTrusts, Industrial. 615 0$aAntitrust law. 615 0$aInterstate commerce. 615 0$aActions and defenses. 701 $aGraham$b George Scott$f1850-1931.$pRepublican (PA)$01386798 801 0$bWYU 801 1$bWYU 801 2$bOCLCO 906 $aBOOK 912 $a9910716180503321 996 $aInformation regarding combinations in the mills and baking industries. February 18, 1926. -- Ordered to be printed$93440223 997 $aUNINA LEADER 02758nam 2200625 450 001 9910806259303321 005 20170918152155.0 010 $a1-4422-4506-9 035 $a(CKB)3710000000451104 035 $a(EBL)2098434 035 $a(SSID)ssj0001516605 035 $a(PQKBManifestationID)12644531 035 $a(PQKBTitleCode)TC0001516605 035 $a(PQKBWorkID)11513928 035 $a(PQKB)11440841 035 $a(MiAaPQ)EBC2098434 035 $a(EXLCZ)993710000000451104 100 $a20190208d2015 uy 0 101 0 $aeng 135 $aur|n|---||||| 181 $ctxt 182 $cc 183 $acr 200 00$aAfghanistan after the Western Drawdown /$fedited by Rohan Gunaratna and Douglas Woodall 210 1$aLanham :$cRowman & Littlefield,$d[2015] 210 4$dİ2015 215 $a1 online resource (290 p.) 300 $aDescription based upon print version of record. 311 $a1-4422-4505-0 320 $aIncludes bibliographical references and index. 327 $aWhat does the future hold for Afghanistan? / Halimullah Kousary -- Pakistan's inextricable role in Afghanistan's future / Abdul Basit -- An American perspective for Afghanistan's future / Douglas R. Woodall -- India's key role and South Asia's security concerns / Iftekharul Bashar -- The endgame in Afghanistan will impact central Asia / Nodirbek Soliyev -- Iran's strategic designs for Afghanistan / Halimullah Kousary -- Why Afghanistan matters : the global threat of terrorism / Rohan Gunaratna -- Threat group profiles. 330 $aAl Qaeda, the Afghan Taliban, and their allies are poised to return to Afghanistan and the Mujahidin in Pakistan may once again draw the support of pools of fighters. Experts from the countries discussed explain the post-2014 key strategic decisions that face policymakers in Afghanistan, the United States, and the region. 606 $aStrategic culture$zAfghanistan 606 $aInternal security$zAfghanistan 606 $aPostwar reconstruction$zAfghanistan 606 $aTerrorism$zAfghanistan$xPrevention 606 $aGeopolitics$zAsia 606 $aSecurity, International$zAsia 607 $aAfghanistan$xStrategic aspects 615 0$aStrategic culture 615 0$aInternal security 615 0$aPostwar reconstruction 615 0$aTerrorism$xPrevention. 615 0$aGeopolitics 615 0$aSecurity, International 676 $a958.104/7 702 $aGunaratna$b Rohan$f1961- 702 $aWoodall$b Douglas$f1971- 801 0$bMiAaPQ 801 1$bMiAaPQ 801 2$bMiAaPQ 906 $aBOOK 912 $a9910806259303321 996 $aAfghanistan after the Western Drawdown$94091494 997 $aUNINA